|
|
|
|
| LEADER |
00000nab a2200000 a 4500 |
| 001 |
vtls010305785 |
| 003 |
SK-MaSNL |
| 005 |
20260305041135.0 |
| 008 |
110824c20110720xo dr| 0 0slo |
| 038 |
|
|
|a RVGKPD
|
| 040 |
|
|
|a RVGKPD
|b slo
|c RVGKPD
|e AACR2
|
| 041 |
|
|
|a slo
|
| 044 |
|
|
|a xo
|c SK
|
| 080 |
|
|
|a 796.894
|2 1997
|
| 245 |
0 |
0 |
|a Prvenstvá vybojovali Kostúrová a Kožár
|b Völgyák dominoval v masters
|c [autor] (pp)
|
| 300 |
|
|
|b Fotogr.
|
| 611 |
2 |
7 |
|a O pohár Calisto
|d (2011 :
|c Vlachovo, Slovensko)
|2 rvgkpd
|9 1621359
|
| 650 |
0 |
7 |
|a silový trojboj
|2 rvgkpd
|9 58231
|
| 650 |
0 |
7 |
|a tlak na lavičke
|2 rvgkpd
|9 1036933
|
| 651 |
|
7 |
|a Vlachovo (Slovensko)
|2 rvgkpd
|9 29546
|
| 651 |
|
7 |
|a Rožňava (Slovensko : okres)
|2 rvgkpd
|9 19215
|
| 773 |
0 |
|
|t Gemerský korzár
|g Roč. XIII, č. 167 (20.7.2011), s. 20
|x 1335-7581
|
| 852 |
|
|
|a RVGKPD
|b KIS3G
|
| 856 |
4 |
1 |
|u orzar.sme.sk/c/5984259/prvenstva-vybojovali-kosturova-a-kozar.html
|
| 992 |
|
|
|a RBX
|
| 999 |
|
|
|c 3342349
|d 3344279
|